Introductory economics / (Record no. 40482)

MARC details
000 -LEADER
fixed length control field 00604nam a22001937a 4500
005 - DATE AND TIME OF LATEST TRANSACTION
control field 20100810101138.0
010 ## - LCCN (DPL NO)
LC control number ENG-99245
020 ## - INTERNATIONAL STANDARD BOOK NUMBER
International Standard Book Number 9789380017853
Terms of availability 30.00
035 ## - SYSTEM CONTROL NUMBER
System control number EN-82777
037 ## - SOURCE OF ACQUISITION
Source of stock number/acquisition DBAD/PUB
082 ## - DEWEY DECIMAL CLASSIFICATION NUMBER
Classification number 330
100 ## - MAIN ENTRY--PERSONAL NAME
Personal name Bharathi, S.
245 ## - TITLE STATEMENT
Title Introductory economics /
Statement of responsibility, etc by S. Bharathi
260 ## - PUBLICATION, DISTRIBUTION, ETC. (IMPRINT)
Place of publication, distribution, etc Chennai
Name of publisher, distributor, etc Today Publication
Date of publication, distribution, etc 2008
270 ## - ADDRESS
Address Bells Road,
City Chennai
Postal code 600 005
300 ## - PHYSICAL DESCRIPTION
Extent 159p.
Dimensions 20cm (pbk)
942 ## - ADDED ENTRY ELEMENTS (KOHA)
Source of classification or shelving scheme Dewey Decimal Classification
Item type English Books
Classification part 330
Call number suffix BHA
Holdings
Withdrawn status Lost status Not for loan Collection code Home library Current library Date acquired Source of acquisition Cost, normal purchase price Full call number Barcode Copy number Cost, replacement price Koha item type
    Not For Loan Non-fiction D.B.Act.Division D.B.Act.Division 10/08/2010 DBAD/PUB 30.00 330 BHA EN-82777 1 230.00 English Books

© Delhi Public Library
Hit Counter
free hit counter